00369nam a2200145Ia 4500008004100000020001500041041001200056082001600068100001700084245005100101250000800152260003700160300000800197650001800205221030s9999 xx 000 0 und d a8129702037 aEnglish a105.23bLau aK. C. Loudon 0aManagement Information Systemcby K. C. Loudon a8th bPearson EducationaDelhic2004 a520 aMBA Computers